[Event "PokerStars IoM Masters 2014"]
[Site "Douglas ENG"]
[Date "2014.10.09"]
[Round "6.20"]
[White "Duncan, Chris R"]
[Black "Skripchenko, Almira"]
[Result "1-0"]
[WhiteTitle "FM"]
[BlackTitle "IM"]
[WhiteElo "2319"]
[BlackElo "2429"]
[WhiteFideId "403091"]
[BlackFideId "13900145"]
[EventDate "2014.10.04"]

1. Nf3 f5 2. e4 fxe4 3. Ng5 Nf6 4. d3 e5 5. dxe4 h6 6. Nf3 d6 7. Nc3 Nc6 8. Bc4
Bd7 9. O-O Ne7 10. a4 Ng6 11. a5 Be7 12. Qd3 Nf8 13. Nh4 Be6 14. Nf5 Bxf5 15.
exf5 c6 16. Bb3 d5 17. Qg3 Qc7 18. Qxg7 Rh7 19. Qg3 O-O-O 20. Ne2 N8d7 21. Kh1
Rg8 22. Qh3 Rhg7 23. g3 h5 24. f3 Nc5 25. Be3 Nxb3 26. cxb3 d4 27. Bxd4 exd4 28.
Nxd4 Qe5 29. Ne6 Rf7 30. a6 Nd7 31. axb7+ Kxb7 32. Rad1 Nb6 33. Nd4 c5 34. Qxh5
Qf6 35. Nb5 Rg5 36. Qh3 Rxf5 37. Qg2 Qc6 38. f4 Bf8 39. Nd6+ Bxd6 40. Rxd6 Qxg2+
41. Kxg2 Nd5 42. Rf2 Kc7 43. Ra6 Kb7 44. Rg6 Kc7 45. h4 Ne7 46. Re6 Kd7 47. Re4
Nd5 48. Kf3 Kd6 49. Rd2 Kc6 50. Kg4 Kb5 51. h5 Nc7 52. Rd6 Rf8 53. h6 R5f7 54.
Kg5 Ne8 55. Rg6 Nf6 56. Re5 Nh7+ 57. Kh4 Kb4 58. Rg7 Rxg7 59. hxg7 Rg8 60. Re7
Kxb3 61. Rb7+ Kc2 62. Kh5 Nf6+ 63. Kg6 Ne8 64. f5 Nxg7 65. Rxg7 Rc8 66. f6 a5
67. f7 c4 68. Rg8 1-0

[Event "PokerStars IoM Masters 2014"]
[Site "Douglas ENG"]
[Date "2014.10.09"]
[Round "6.21"]
[White "Kolbus, Dietmar"]
[Black "Nakar, Eylon"]
[Result "1/2-1/2"]
[WhiteTitle "IM"]
[BlackTitle "IM"]
[WhiteElo "2316"]
[BlackElo "2424"]
[WhiteFideId "4610628"]
[BlackFideId "2811111"]
[EventDate "2014.10.04"]

1. d4 Nf6 2. c4 g6 3. Nc3 Bg7 4. e4 O-O 5. Be3 d6 6. f3 c5 7. Nge2 Nc6 8. dxc5
dxc5 9. Qxd8 Rxd8 10. Bxc5 Nd7 11. Ba3 b6 12. O-O-O Bb7 13. Nd5 Nde5 14. Nec3 e6
15. Ne7+ Nxe7 16. Bxe7 Rxd1+ 17. Kxd1 Rc8 18. Kc2 Ba6 19. c5 Bxf1 20. Rxf1 Nc4
21. Re1 Rc7 22. Bd6 Rc6 23. Kb3 Nxd6 24. cxd6 Rxd6 25. Re2 a6 26. Kc2 Be5 27. g3
g5 28. Rf2 Rd4 29. Rd2 Rc4 30. Kd3 Rc6 31. Rf2 Rd6+ 32. Kc2 Rd4 33. Rd2 Rc4 34.
Kd3 b5 35. Ne2 Rc6 36. Rc2 Rd6+ 37. Ke3 Rd1 38. f4 gxf4+ 39. Nxf4 Re1+ 40. Kf3
Ra1 41. Nd3 Bd4 42. a3 Rf1+ 43. Ke2 Rh1 44. Kf3 Rf1+ 45. Ke2 Rb1 46. e5 Kg7 47.
Kf3 h5 1/2-1/2

[Event "PokerStars IoM Masters 2014"]
[Site "Douglas ENG"]
[Date "2014.10.09"]
[Round "6.22"]
[White "Welling, Gerard"]
[Black "Mannion, Stephen R"]
[Result "0-1"]
[WhiteTitle "IM"]
[BlackTitle "IM"]
[WhiteElo "2350"]
[BlackElo "2347"]
[WhiteFideId "1000446"]
[BlackFideId "2400111"]
[EventDate "2014.10.04"]

1. d4 d5 2. e3 Nf6 3. Nf3 Bf5 4. c4 c6 5. cxd5 cxd5 6. Nc3 e6 7. Ne5 Nfd7 8. Qb3
Nxe5 9. dxe5 Nd7 10. Qxb7 Rb8 11. Qxa7 Bc5 12. Qa4 O-O 13. Be2 Nxe5 14. O-O Qe7
15. Qd1 Rfd8 16. Nb5 Nc6 17. Bd3 Bxd3 18. Qxd3 e5 19. Bd2 e4 20. Qe2 Ne5 21. Bc3
Nd3 22. Nd4 Qd7 23. Rad1 Bb4 24. Rxd3 exd3 25. Qxd3 Bxc3 26. Qxc3 Rdc8 27. Qd2
Rc4 28. b3 Rc7 29. Rd1 Rbc8 30. h3 g6 31. a4 Rc3 32. a5 Qb7 33. Ra1 R8c5 34. g3
Qc7 35. b4 Rc1+ 36. Rxc1 Rxc1+ 37. Kg2 Qc4 38. Kf3 Qf1 39. Kg4 h5+ 40. Kh4 Qa6
41. g4 Rg1 42. Kg5 Kg7 0-1

[Event "PokerStars IoM Masters 2014"]
[Site "Douglas ENG"]
[Date "2014.10.09"]
[Round "6.23"]
[White "Klein, Felix"]
[Black "Granda Zuniga, Julio E"]
[Result "0-1"]
[WhiteTitle "FM"]
[BlackTitle "GM"]
[WhiteElo "2286"]
[BlackElo "2674"]
[WhiteFideId "24600458"]
[BlackFideId "3800024"]
[EventDate "2014.10.04"]

1. e4 c5 2. Nf3 Nc6 3. Bb5 g6 4. Bxc6 bxc6 5. O-O Bg7 6. Re1 Nh6 7. c3 O-O 8. d4
cxd4 9. cxd4 f6 10. b3 Nf7 11. Bb2 e5 12. dxe5 fxe5 13. Nbd2 Qc7 14. Rc1 d6 15.
Rc2 Bb7 16. Nc4 Rfe8 17. Bc3 Rac8 18. Rce2 Qb8 19. Qa1 Ba8 20. h3 Re6 21. Bb2
Rce8 22. Kh1 Bf6 23. Kg1 c5 24. Rd2 Nd8 25. Na5 Be7 26. a3 Rf8 27. Nh2 Qb5 28.
Bc3 Bg5 29. Rdd1 h5 30. b4 Ref6 31. Qa2+ Kh7 32. f3 Bh4 33. Re2 Ne6 34. Qc4 Qa4
35. Red2 Bg5 36. Rd3 Be3+ 37. Kh1 Nf4 38. Rxe3 Qxd1+ 39. Re1 Qc2 40. Rg1 d5 41.
exd5 Bxd5 42. Qxc5 Nd3 43. Qxd5 Nf2# 0-1

[Event "PokerStars IoM Masters 2014"]
[Site "Douglas ENG"]
[Date "2014.10.09"]
[Round "6.24"]
[White "Allen, Keith"]
[Black "Williams, Simon K"]
[Result "0-1"]
[BlackTitle "GM"]
[WhiteElo "2197"]
[BlackElo "2457"]
[WhiteFideId "2501147"]
[BlackFideId "404454"]
[EventDate "2014.10.04"]

1. d4 e6 2. c4 b6 3. e4 Bb7 4. Bd3 Bb4+ 5. Bd2 Bxd2+ 6. Nxd2 Nc6 7. Ngf3 Qf6 8.
e5 Qf4 9. g3 Qh6 10. O-O f6 11. Re1 O-O-O 12. a3 g5 13. d5 Nxe5 14. Nxe5 fxe5
15. Rxe5 Nf6 16. Ne4 Nxe4 17. Rxe4 Rhf8 18. Re5 Rxf2 19. Kxf2 Qf6+ 0-1

[Event "PokerStars IoM Masters 2014"]
[Site "Douglas ENG"]
[Date "2014.10.09"]
[Round "6.25"]
[White "Reshef, Omer"]
[Black "Hill, Alistair"]
[Result "1-0"]
[WhiteTitle "FM"]
[WhiteElo "2397"]
[BlackElo "2102"]
[WhiteFideId "2804336"]
[BlackFideId "432407"]
[EventDate "2014.10.04"]

1. e4 c5 2. Nf3 d6 3. d4 cxd4 4. Nxd4 Nf6 5. Nc3 a6 6. Be3 e5 7. Nf3 Be7 8. Bc4
O-O 9. O-O Nc6 10. Re1 Be6 11. Nd5 b5 12. Nxf6+ Bxf6 13. Bd5 Rc8 14. c3 Na5 15.
a4 Nc4 16. axb5 axb5 17. Qb3 Bxd5 18. exd5 Nxe3 19. Rxe3 Qb6 20. Re4 Rc5 21. Ne1
Qb7 22. Nd3 Rxd5 23. c4 Rxd3 24. Qxd3 bxc4 25. Rxc4 Qxb2 26. Rd1 Qb5 27. Rc7
Qxd3 28. Rxd3 Rd8 29. Rd5 Kf8 30. Rb5 Be7 31. Rbb7 Re8 32. Rd7 f6 33. Kf1 Kf7
34. Rxd6 Kg6 35. Re6 Kf7 36. Rc6 Kg6 37. Rbc7 Bf8 38. Rc8 Rxc8 39. Rxc8 Ba3 40.
Ke2 Bb2 41. Kd3 Bd4 42. f3 Bg1 43. h3 Bh2 44. Ke4 Bf4 45. Ra8 h5 46. Rh8 Bg3 47.
Kd5 h4 48. Ke6 Bf2 49. Ra8 Bg3 50. Ra4 Bf4 51. Rb4 Bg5 52. Rg4 f5 53. Rxg5+ Kxg5
54. Kxe5 g6 55. f4+ Kh6 56. Kf6 Kh5 57. Kg7 g5 58. Kf6 g4 59. Kxf5 1-0

[Event "PokerStars IoM Masters 2014"]
[Site "Douglas ENG"]
[Date "2014.10.09"]
[Round "6.26"]
[White "Cox, John J"]
[Black "Veinberg, Nimrod"]
[Result "0-1"]
[WhiteTitle "IM"]
[WhiteElo "2368"]
[BlackElo "2289"]
[WhiteFideId "401064"]
[BlackFideId "2810280"]
[EventDate "2014.10.04"]

1. d4 Nf6 2. Nf3 e6 3. c4 b6 4. g3 Bb4+ 5. Bd2 a5 6. Bg2 O-O 7. O-O Ba6 8. b3 d5
9. Qc2 Ra7 10. Rd1 c6 11. Bf4 Bd6 12. Bxd6 Qxd6 13. Nbd2 c5 14. e4 dxe4 15. Nxe4
Nxe4 16. Qxe4 Nd7 17. Ne5 Bb7 18. dxc5 Qxe5 19. Qxe5 Nxe5 20. cxb6 Bxg2 21. bxa7
Bf3 22. Rd6 Nc6 23. Re1 Nxa7 24. Ra6 Nc6 25. Re3 Nd4 26. Rxa5 Rd8 27. Kf1 Kf8
28. b4 g5 29. Raa3 g4 30. Rac3 f5 31. Rc1 Ke7 32. a4 f4 33. gxf4 Nf5 34. Re5 Rd2
35. Ree1 Nd4 36. f5 h5 37. f6+ Kxf6 38. Re3 h4 39. Rb1 h3 40. b5 g3 41. Rxf3+
Nxf3 42. hxg3 Ra2 43. Rc1 Nh2+ 44. Kg1 Ng4 45. Rb1 Rxf2 0-1

[Event "PokerStars IoM Masters 2014"]
[Site "Douglas ENG"]
[Date "2014.10.09"]
[Round "6.27"]
[White "Tolhuizen, Ludo"]
[Black "Peek, Marcel"]
[Result "1/2-1/2"]
[BlackTitle "IM"]
[WhiteElo "2117"]
[BlackElo "2359"]
[WhiteFideId "1000802"]
[BlackFideId "1000462"]
[EventDate "2014.10.04"]

1. Nf3 f5 2. g3 Nf6 3. Bg2 g6 4. O-O Bg7 5. d4 O-O 6. b4 c6 7. c4 a5 8. b5 d5 9.
a4 Ne4 10. Qc2 dxc4 11. Qxc4+ Qd5 12. Qxd5+ cxd5 13. Bb2 Be6 14. Nbd2 Nd7 15.
Rfc1 Rfc8 16. Nb3 Nb6 17. Rxc8+ Bxc8 18. Nfd2 Nxd2 19. Nxd2 Be6 20. e3 Rc8 21.
Ba3 Kf7 22. Nb3 Nc4 23. Bc1 b6 24. Nd2 Nxd2 25. Bxd2 Rc2 26. Be1 Ke8 27. Bf1 Bf7
28. Bd3 Rc8 29. f4 e6 30. Bd2 Bf8 31. Rc1 Rxc1+ 32. Bxc1 h6 1/2-1/2

[Event "PokerStars IoM Masters 2014"]
[Site "Douglas ENG"]
[Date "2014.10.09"]
[Round "6.28"]
[White "Bartell, Thomas"]
[Black "Fabri, Henrik"]
[Result "1-0"]
[WhiteTitle "IM"]
[WhiteElo "2358"]
[BlackElo "1948"]
[WhiteFideId "2017849"]
[BlackFideId "403270"]
[EventDate "2014.10.04"]

1. e4 Nf6 2. e5 Nd5 3. d4 d6 4. Nf3 dxe5 5. Nxe5 c6 6. Be2 Nd7 7. Nxd7 Bxd7 8.
c4 Nf6 9. Nc3 g6 10. O-O Bg7 11. Re1 O-O 12. Bf3 Re8 13. Bf4 a6 14. Qb3 Bg4 15.
Bxg4 Nxg4 16. d5 Bd4 17. Re2 cxd5 18. Nxd5 e5 19. Be3 Qh4 20. h3 Nxe3 21. fxe3
Bc5 22. Nc7 b6 23. Nxa8 Rxa8 24. Rd1 Re8 25. Qd3 e4 26. Qd7 Re7 27. Qg4 Qxg4 28.
hxg4 Kg7 29. Rd5 h6 30. Kf2 Re6 31. Red2 Bb4 32. Rd1 Rc6 33. R1d4 Re6 34. Rd7
Bc5 35. R4d5 a5 36. Ke2 Kf6 37. Rd1 Kg5 38. Rxf7 Kxg4 39. Kf2 g5 40. Rd5 h5 41.
Rff5 Be7 42. Rfe5 Rf6+ 43. Kg1 Rf7 44. Rxe4+ Kg3 45. Rd7 1-0

[Event "PokerStars IoM Masters 2014"]
[Site "Douglas ENG"]
[Date "2014.10.09"]
[Round "6.29"]
[White "Hansen, Victor"]
[Black "Tate, Alan"]
[Result "0-1"]
[BlackTitle "FM"]
[WhiteElo "2113"]
[BlackElo "2320"]
[WhiteFideId "1502638"]
[BlackFideId "2401878"]
[EventDate "2014.10.04"]

1. d4 Nf6 2. c4 g6 3. Nc3 d5 4. Nf3 Bg7 5. Bf4 O-O 6. e3 c5 7. Be2 cxd4 8. Nxd4
Nc6 9. O-O Nxd4 10. Qxd4 Be6 11. Bf3 dxc4 12. Bxb7 Qxd4 13. exd4 Rad8 14. Rfd1
Nh5 15. Bg5 Rxd4 16. Bxe7 Rb8 17. Bc5 Rxd1+ 18. Rxd1 Bxc3 0-1

[Event "PokerStars IoM Masters 2014"]
[Site "Douglas ENG"]
[Date "2014.10.09"]
[Round "6.30"]
[White "Boelhouwer, Collin"]
[Black "Bakalchuk, Johnatan"]
[Result "0-1"]
[BlackTitle "FM"]
[WhiteElo "2106"]
[BlackElo "2317"]
[WhiteFideId "1013300"]
[BlackFideId "2810301"]
[EventDate "2014.10.04"]

1. e4 c5 2. Nf3 g6 3. d4 cxd4 4. Nxd4 Nc6 5. c4 Nf6 6. Nc3 d6 7. Be2 Nxd4 8.
Qxd4 Bg7 9. Be3 O-O 10. Qd2 a5 11. O-O a4 12. Rab1 Qa5 13. Rfd1 Be6 14. b4 axb3
15. axb3 Rfc8 16. f3 Qb4 17. Nb5 Qxd2 18. Rxd2 Nd7 19. f4 Nc5 20. Bf3 Bd7 21. e5
Bf5 22. Re1 Nxb3 23. Bxb7 Nxd2 24. Bxd2 dxe5 25. fxe5 Ra2 26. Bxc8 Bxc8 27. Bb4
Bb7 28. Bxe7 Rxg2+ 29. Kf1 Rxh2 30. Nd6 Rh1+ 31. Kf2 Rxe1 32. Kxe1 Bc6 33. Bf6
Bxf6 34. exf6 h5 35. Kf2 h4 36. Kg1 g5 37. Kh2 Bd7 38. c5 g4 39. Nc4 g3+ 40. Kg2
Bc6+ 41. Kh3 Bd7+ 42. Kg2 Kh7 43. Ne5 Be6 44. c6 Kh6 45. c7 Kg5 46. Nxf7+ Kxf6
47. Nd6 Kg5 48. c8=Q Bxc8 49. Nxc8 Kg4 50. Ne7 h3+ 51. Kf1 Kf3 52. Kg1 h2+ 53.
Kh1 Kf2 0-1

[Event "PokerStars IoM Masters 2014"]
[Site "Douglas ENG"]
[Date "2014.10.09"]
[Round "6.32"]
[White "Gutkind, Kedem"]
[Black "House, Glenn L"]
[Result "0-1"]
[BlackTitle "FM"]
[WhiteElo "1993"]
[BlackElo "2209"]
[WhiteFideId "1046519"]
[BlackFideId "406228"]
[EventDate "2014.10.04"]

1. e4 c5 2. Nf3 e6 3. c4 d6 4. Nc3 Nf6 5. Be2 a6 6. d4 cxd4 7. Nxd4 Be7 8. O-O
O-O 9. Be3 Qc7 10. Rc1 b6 11. a3 Bb7 12. f3 Nbd7 13. Qe1 Rac8 14. Qf2 Qb8 15.
Rfd1 Rfe8 16. b4 Bd8 17. Nb3 Bc7 18. g3 g6 19. Rd2 h5 20. Rcd1 Kg7 21. Bg5 Nh7
22. Bf4 Ne5 23. Be3 Nf6 24. Bd4 Ned7 25. f4 e5 26. fxe5 dxe5 27. Be3 Nf8 28. Rf1
N8h7 29. Nd5 Bxd5 30. cxd5 Rf8 31. Qf3 a5 32. bxa5 bxa5 33. h4 Bb6 34. Rfd1 Ng4
35. Bxb6 Qxb6+ 36. Kg2 Ne3+ 37. Kh1 Rc3 38. Rd3 Rxb3 39. Rxb3 Qxb3 40. Rd3 Qb1+
41. Kh2 Ng4+ 42. Kg2 Nhf6 0-1

[Event "PokerStars IoM Masters 2014"]
[Site "Douglas ENG"]
[Date "2014.10.09"]
[Round "6.34"]
[White "Groffen, Hans"]
[Black "Smith, Graham"]
[Result "1-0"]
[WhiteElo "2161"]
[BlackElo "2073"]
[WhiteFideId "1004140"]
[BlackFideId "410985"]
[EventDate "2014.10.04"]

1. d4 f5 2. g3 Nf6 3. Bg2 g6 4. Nf3 Bg7 5. O-O O-O 6. c4 d6 7. Nc3 Nc6 8. d5 Ne5
9. Nxe5 dxe5 10. Qb3 Kh8 11. Rd1 h6 12. c5 g5 13. Bd2 a6 14. Na4 Rb8 15. Ba5 Qd7
16. d6 exd6 17. cxd6 cxd6 18. Rac1 f4 1-0

[Event "PokerStars IoM Masters 2014"]
[Site "Douglas ENG"]
[Date "2014.10.09"]
[Round "6.35"]
[White "Walton, Alan J"]
[Black "Klein, Gernot"]
[Result "1-0"]
[WhiteTitle "CM"]
[WhiteElo "2123"]
[BlackElo "2000"]
[WhiteFideId "409898"]
[BlackFideId "4695496"]
[EventDate "2014.10.04"]

1. d4 d5 2. c4 e6 3. Nc3 c6 4. Nf3 dxc4 5. a4 Bb4 6. e3 b5 7. Bd2 Bb7 8. axb5
Bxc3 9. Bxc3 cxb5 10. b3 a5 11. bxc4 b4 12. Bb2 Nf6 13. c5 O-O 14. Bb5 Bc6 15.
Bxc6 Nxc6 16. O-O Ne4 17. Ra4 Qd5 18. Qa1 Rfd8 19. h3 f6 20. Re1 Kh8 21. Nh2 f5
22. f3 Nf6 23. Nf1 Qd7 24. Nd2 f4 25. Nc4 Qc7 26. e4 Ra7 27. Nd6 Rf8 28. Nb5 Qb7
29. Nxa7 Qxa7 30. Qc1 Qa6 31. d5 Qb5 32. Ra1 exd5 33. Bxf6 gxf6 34. exd5 Nd4 35.
Qxf4 Qxc5 36. Kh2 Nc2 37. Rac1 b3 38. Re6 Qxd5 39. Rxf6 Rxf6 40. Qxf6+ Kg8 41.
Qf4 Qf7 42. Qb8+ Kg7 43. Rd1 Nb4 44. Qe5+ Kh6 45. Rd6+ Qg6 46. Qf4+ Kg7 47. Rd7+
Kh8 48. Rd8+ Kg7 49. Qf8# 1-0

[Event "PokerStars IoM Masters 2014"]
[Site "Douglas ENG"]
[Date "2014.10.09"]
[Round "6.36"]
[White "Van Den Bersselaar, Jeroen"]
[Black "Llewellyn, Alan M"]
[Result "1-0"]
[WhiteElo "2119"]
[BlackElo "1555"]
[WhiteFideId "1006282"]
[BlackFideId "422479"]
[EventDate "2014.10.04"]

1. d4 Nf6 2. c4 g6 3. Nc3 Bg7 4. e4 d6 5. Nge2 O-O 6. Ng3 c5 7. d5 e5 8. Be2
Nbd7 9. h4 h5 10. Bg5 Qe8 11. a3 a6 12. b4 Nh7 13. Be3 b6 14. Rb1 Qd8 15. Na4 a5
16. bxc5 bxc5 17. Bd2 Rb8 18. Rxb8 Nxb8 19. Qb3 Bd7 20. Nb6 Bf6 21. Nxd7 Nxd7
22. Qb5 Qc7 23. O-O Rb8 24. Qc6 Qa7 25. Ra1 Nhf8 26. Qa4 Bxh4 27. Qxa5 Qxa5 28.
Bxa5 Rb2 29. Bf1 Nf6 30. Bd8 Bxg3 31. Bxf6 Bxf2+ 32. Kh2 Bd4 33. Be7 Rxg2+ 34.
Bxg2 Bxa1 35. Bxd6 Nd7 36. Bh3 f5 37. exf5 e4 38. fxg6 Be5+ 39. Bxe5 Nxe5 40. d6
Nc6 41. Kg3 Kg7 42. Kf4 Kxg6 43. Kxe4 Kf6 44. Kd5 Nd8 45. Kxc5 Ne6+ 46. Bxe6
Kxe6 47. Kc6 h4 48. d7 1-0